000
00326nam a22001217a 4500
005
20250820180542.0
008
250820b |||||||| |||| 00| 0 eng d
082
_a
005
_b
PAR-M
100
_a
Parsons (New Perspectives)
245
_a
Computer Concepts 2018 Introductory
650
_a
Computer /Computer Science & IT
999
_c
37039
_d
37039